000 00521nam a2200181Ia 4500
001 8237
005 20260306160554.0
008 260306t2012||||xx |||||||||||||| ||spa||
041 _aESP
082 _a370.15
_bS21O
100 _aSantana Vega, Lidia E.
_eAUT
245 0 _aOrientación educativa e intervención psicopedagógica:
_bcambian los tiempos, cambian las responsabilidades profesionales
260 _c2012
300 _a379 páginas :
_c24 cm.
650 _aGEN
654 _aCED
942 _cLIB
_dJUS
_fJUS
_2ddc
_n
999 _c8237
_d8237